Six-Letter US States Quiz Stats

Quiz Updated Apr 16, 2013

Also try: 'O'-Less States
Challenge
Share
Tweet
Embed
Score 0/5 Timer 01:30
3 Plays Today
State % Correct
Hawaii
84.2%
Oregon
84.2%
Kansas
80.6%
Alaska
79.9%
Nevada
75%

You're not logged in!

Compare scores with friends on all Sporcle quizzes.
Sign Up with Email
OR
Log In

You Might Also Like...

Show Comments

Extras

Top Quizzes Today


Score Distribution

Your Account Isn't Verified!

In order to create a playlist on Sporcle, you need to verify the email address you used during registration. Go to your Sporcle Settings to finish the process.